Presunciones y ficciones en el Derecho Tributario
Gardado en:
| Autor Principal: | |
|---|---|
| Formato: | Libro |
| Idioma: | Lingua castelá |
| Publicado: |
Santiago
MassLibros
2016
|
| Edición: | 1a. ed |
| Subjects: | |
| Tags: |
Engadir etiqueta
Sen Etiquetas, Sexa o primeiro en etiquetar este rexistro!
|
MARC
| LEADER | 00000cam a2200000 a 4500 | ||
|---|---|---|---|
| 001 | UCD4414 | ||
| 003 | CL-VaPUC | ||
| 008 | 160708e20160000cl |||||||||||||||||spa|d | ||
| 020 | |a 9789568396602 | ||
| 082 | 0 | 4 | |a 343.8304 |b ESS |2 21 |
| 100 | 0 | |a Essus Jiménez, Carlos Ignacio |e author |9 588093 | |
| 245 | 1 | 0 | |a Presunciones y ficciones en el Derecho Tributario |
| 250 | |a 1a. ed | ||
| 300 | |a 170 p | ||
| 942 | |c BK | ||
| 945 | |d 20160708 23:22:00 |a dcastane | ||
| 260 | |a Santiago |b MassLibros |c 2016 | ||
| 650 | 0 | |a Derecho tributario |9 258895 | |
| 650 | 0 | |a Obligaciones |9 255578 | |
| 650 | 7 | |a PRESUNCIONES |2 CL-VaPUC |9 383566 | |
| 583 | |a last modification |c 20160708 23:22:00 |k Rodrigo Vera | ||
| 999 | |c 365312 |d 365310 | ||
| 952 | |0 0 |1 0 |3 erd |4 0 |6 343_830400000000000_ESS_2016 |7 0 |8 A |9 479113 |a BIBDER |b BIBDER |i 529715K |o 343.8304 ESS 2016 |p 529715K |r 2023-01-25 |w 2019-11-24 |y BK |z Catalogado en:20160708 |k DER | ||